Pays avec le plus de médailles d'argent aux Jeux olympiques d'été - Statistiques

Statistiques générales
  • Ce quiz a été pris 28 fois
  • Le résultat moyen est 13 sur 15
Statistiques - réponses
Argent Pays % Correct
199 Chine
100%
836 États-Unis
100%
253 France
100%
150 Japon
96%
125 Russie
96%
205 Allemagne
88%
129 Allemagne de l’Est
88%
108 Canada
88%
188 Italie
88%
316 Grande-Bretagne
85%
319 Union soviétique
85%
172 Australie
81%
104 Pays-Bas
73%
176 Suède
73%
1755 Hongrie
65%
Aucun quiz correspondant
Distribution des résultats
% des personnes avec chaque résultat
Percentile par nombre de réponses
Votre historique - résultats
Vous n’avez pas pris ce quiz